Marvel cinématique - Statistiques

Statistiques générales
  • Ce quiz a été pris 720 fois
  • Le résultat moyen est 9 sur 11
Statistiques - réponses
Personnage Acteur % Correct
Spiderman Tom Holland
96%
Thor Chris Hemsworth
95%
Captaine america Chris Evans
93%
Black Widdow Scarlett Johansson
93%
Iron man Robert Downey Jr
88%
Star-Lord Chris Pratt
80%
Nick Furry Samuel L Jackson
77%
Hulk Mark Ruffalo
76%
Hawkaye Jeremy Renner
65%
Antman Paul Rudd
65%
Rocket Raccon Bradley Cooper
63%
Aucun quiz correspondant
Distribution des résultats
% des personnes avec chaque résultat
Percentile par nombre de réponses
Votre historique - résultats
Vous n’avez pas pris ce quiz